Math 123 - Probability & statistics / (Record no. 3348)

MARC details
000 -LEADER
fixed length control field 00678nam a22002292 4500
001 - CONTROL NUMBER
control field 0000008902
005 - DATE AND TIME OF LATEST TRANSACTION
control field 20151217145845.0
008 - FIXED-LENGTH DATA ELEMENTS--GENERAL INFORMATION
fixed length control field 080616s xx 000 0 eng d
020 ## - INTERNATIONAL STANDARD BOOK NUMBER
Terms of availability KES
040 ## - CATALOGING SOURCE
Original cataloging agency KABU
Transcribing agency KABU
100 1# - MAIN ENTRY--PERSONAL NAME
Personal name Kamau, Peter A.
-- 0000154820
245 10 - TITLE STATEMENT
Title Math 123 - Probability & statistics /
Statement of responsibility, etc. Peter A. Kamau.
260 ## - PUBLICATION, DISTRIBUTION, ETC. (IMPRINT)
Place of publication, distribution, etc. Nakuru :
Name of publisher, distributor, etc. Kabarak University,
Date of publication, distribution, etc. [2007]
300 ## - PHYSICAL DESCRIPTION
Extent 80 p.
500 ## - GENERAL NOTE
General note School-based learning mode.
650 #0 - SUBJECT ADDED ENTRY--TOPICAL TERM
Topical term or geographic name as entry element Probability.
-- 0000159692
650 #0 - SUBJECT ADDED ENTRY--TOPICAL TERM
Topical term or geographic name as entry element Statistics.
-- 0000149871
908 ## - PUT COMMAND PARAMETER (RLIN)
Put command parameter 080616
950 ## - LOCAL HOLDINGS (RLIN)
-- 1
Holdings
Withdrawn status Lost status Source of classification or shelving scheme Not for loan Home library Current library Date acquired Total Checkouts Full call number Barcode Date last seen Price effective from Koha item type
    Library of Congress Classification   Kabarak, Main Campus Kabarak, Main Campus 17/12/2015   QA273.25 .K36 c. 1 012303 17/12/2015 17/12/2015 General Collection
    Library of Congress Classification   Kabarak, Main Campus Kabarak, Main Campus 17/12/2015   QA273.25 .K36 c. 2 24236 17/12/2015 17/12/2015 General Collection
Designed with assistance from East African Informatics Ltd